| 000 | 01196cam a2200325 a 4500 | ||
|---|---|---|---|
| 001 | 2910 | ||
| 005 | 20240123103755.0 | ||
| 020 | _a0439280362 | ||
| 040 |
_aHQB _cHQB _dDLC _beng |
||
| 050 | 0 | 0 | _aPZ7.R23775 |
| 100 | 1 | _aReber, Deborah | |
| 245 | 1 | 0 |
_aBlue's egg hunt / _cby Deborah Reber ; illustrated by Carolyn Norden. |
| 250 | _aFirst Scholastic printing, April 2001 | ||
| 260 |
_aNew York : _bScholastic , _c2000 |
||
| 300 |
_a22 unnumbered pages : _bcolor illustrations ; _c21 cm. |
||
| 490 | _aBlue's Clues Series | ||
| 505 | _aI | ||
| 520 | _aJoin Blue's Clues' Steve and Blue when they take Periwinkle, the big city kitten, to show him what's so great about spring. You can help Blue and Periwinkle hunt for eggs, make leaf prints, plant seeds, and visit all the booths at the fair! | ||
| 521 |
_a450
_bLexile |
||
| 521 |
_aI
_bRaz-Plus |
||
| 650 | 0 |
_aSpring _vJuvenile fiction. |
|
| 650 | 1 |
_aSpring _vFiction. |
|
| 650 | 1 |
_aFairs _vFiction. |
|
| 650 | 1 |
_aContests _vFiction. |
|
| 650 | 1 |
_aDogs _vFiction. |
|
| 650 | 1 |
_aCats _vFiction. |
|
| 700 | 1 |
_aNorden, Carolyn, _eillustrator |
|
| 906 |
_a7 _bcbc _ccopycat _d2 _encip _f20 _gy-gencatlg |
||
| 942 |
_2ddc _cBK _n0 |
||
| 999 |
_c2910 _d2910 |
||